000 01010nam a22002897a 4500
001 BR7503484
003 BR-BrBNA
005 20230928084813.0
007 ta
008 230509b bl.||||| |||| 00| 0 por d
040 _aBR-BrBNA
_bpor
_cBiblioteca Nacional de Agricultura
041 _a(De)
072 _aL73; L74
_b5212
090 _ 5212 BR7503484
100 1 _aEscorsin, O.
110 1 _aTierarztliche Hochschule Hannover (Germany)
_0Dissertation (Doctor)
_910298
245 1 _aKlinische Beobachtungen und serologische Untersuchungen an pyogenesmastitiskranken Kuhen und Rindern [doenca de animal, zoonose, imunidade, gado]
260 3 _aHannover (Germany):
_c1975.
300 _a67 p.
500 _aSummaries (Ger, Eng, Por); Bibliography p. 58-66 (101 ref.). (*) Documento disponível na(o) UFPR, Curitiba, PR (Brazil). Biblioteca Central
650 _aDOENCA ANIMAL
650 _aZOONOSE
650 _aIMUNIDADE
650 _aGADO
909 _a202309
_bLucia
_c55
_dLucia Elande
942 _cBK
999 _c21187
_d21187